000 00800nam a22002297a 4500
008 231211s2023 xxk|||||ol|||o00| 0 eng d
041 _aeng
110 _aParliament
245 _aHeritage Trees Bill 2023
260 _c2023
520 _aLong title: A Bill to promote the protection and stewardship of heritage trees in England; and for connected purposes.
520 _aPrivate Members' Bill (starting in the House of Lords)
650 _aTREES
650 _aPLANNING
650 _aTOWN AND COUNTRY PLANNING ACT 1990
651 _aEngland
651 _aWales
690 _96238
_aEnvironment
856 _uhttps://bills.parliament.uk/publications/53248/documents/4109
_zBill as enacted
856 _uhttps://bills.parliament.uk/bills/3536
_zProgress of Bill page
942 _n0
999 _c121731
_d121731